[Event "Schoenhagener Seniors op 14th"]
[Site "Uslar"]
[Date "2004.08.31"]
[Round "5"]
[White "Noack, Heinz"]
[Black "Pannenbaecker, Hermann Josef"]
[Result "0-1"]
[WhiteElo "1604"]
[BlackElo "1627"]
[PlyCount "105"]
[EventDate "2004.08.27"]
[EventType "swiss"]
[EventRounds "9"]
[EventCountry "GER"]
[SourceTitle "EXT 2006"]
[Source "ChessBase"]
[SourceDate "2005.11.24"]
[SourceVersion "1"]
[SourceVersionDate "2005.11.24"]
[SourceQuality "1"]

1. e4 e5 2. Nf3 Nc6 3. Bc4 Be7 4. 0-0 Nf6 5. Nc3 d6 6. d4 Bg4 7. Be3 exd4 8. Bxd4 Nxd4 9. Qxd4 0-0 10. Qd3 c6 11. a4 Qc7 12. h3 Bh5 13. Rad1 Rad8 14. Qe3 a6 15. Bb3 Rfe8 16. Rfe1 Nd7 17. Qf4 Nc5 18. Ba2 Bf6 19. g4 Bg6 20. Qe3 Nxe4 21. h4 d5 22. h5 Nd6 23. Qd2 Be4 24. Ng5 Bxg5 25. Qxg5 Bxc2 26. Rc1 Rxe1+ 27. Rxe1 h6 28. Qf4 Qd7 29. f3 Ne8 30. Re2 Bd3 31. Rd2 Bh7 32. Kh2 Nf6 33. a5 Qd6 34. Kg3 Qxf4+ 35. Kxf4 g5+ 36. Ke5 Kg7 37. b4 Re8+ 38. Kd6 Re3 39. Nxd5 cxd5 40. Bxd5 Nxd5 41. Rxd5 Rxf3 42. Rd4 Rf4 43. Kc5 Rxd4 44. Kxd4 f5 45. gxf5 Bxf5 46. Ke5 Bg4 47. Kd6 Bxh5 48. Kc5 Bf3 49. b5 axb5 50. Kxb5 g4 51. Kb6 g3 52. a6 bxa6 53. Kxa6 0-1

[Event "Bad Sooden-Allendorf Seniors op 16th"]
[Site "Bad Sooden-Allendorf"]
[Date "2004.04.28"]
[Round "7"]
[White "Pannenbaecker, Hermann Josef"]
[Black "Schmidt, Erich"]
[Result "0-1"]
[WhiteElo "1679"]
[BlackElo "2063"]
[PlyCount "34"]
[EventDate "2004.04.22"]
[EventType "swiss"]
[EventRounds "9"]
[EventCountry "GER"]
[SourceTitle "EXT 2006"]
[Source "ChessBase"]
[SourceDate "2005.11.24"]
[SourceVersion "1"]
[SourceVersionDate "2005.11.24"]
[SourceQuality "1"]

1. e4 c5 2. Nf3 Nc6 3. d4 cxd4 4. Nxd4 d6 5. Nc3 a6 6. Be3 Nf6 7. Be2 e5 8. Nb3 b5 9. f3 Be7 10. Qd2 Be6 11. 0-0-0 Bxb3 12. axb3 Qa5 13. Kb1 Nb4 14. g4 Rc8 15. h4 d5 16. exd5 Nfxd5 17. Nxd5 Qa2+ 0-1

[Event "Bad Sooden-Allendorf Seniors op 16th"]
[Site "Bad Sooden-Allendorf"]
[Date "2004.04.27"]
[Round "6"]
[White "Grueneschild, Hildegard"]
[Black "Pannenbaecker, Hermann Josef"]
[Result "0-1"]
[WhiteElo "1462"]
[BlackElo "1679"]
[PlyCount "123"]
[EventDate "2004.04.22"]
[EventType "swiss"]
[EventRounds "9"]
[EventCountry "GER"]
[SourceTitle "EXT 2006"]
[Source "ChessBase"]
[SourceDate "2005.11.24"]
[SourceVersion "1"]
[SourceVersionDate "2005.11.24"]
[SourceQuality "1"]

1. c4 Nf6 2. Nc3 e6 3. g3 d5 4. cxd5 Nxd5 5. Bg2 Be7 6. Nf3 0-0 7. 0-0 Nd7 8. d4 Re8 9. e3 c6 10. Bd2 N7b6 11. Nxd5 exd5 12. Ba5 Bg4 13. Qc2 g6 14. Ne5 Bf5 15. Qb3 Bd6 16. Nf3 Bc7 17. Rac1 Qd7 18. Bxb6 axb6 19. Rfe1 Bh3 20. Bh1 Bf5 21. Nh4 Be6 22. Nf3 Bg4 23. a3 b5 24. Qc3 Re7 25. Nd2 h5 26. e4 Rae8 27. e5 f6 28. f3 Bh3 29. f4 fxe5 30. fxe5 Bb6 31. Nf3 Bg4 32. e6 Rxe6 33. Rxe6 Rxe6 34. Ng5 Re2 35. Qd3 Qf5 36. Qxf5 Bxf5 37. Nf3 Rxb2 38. Re1 b4 39. axb4 Rxb4 40. Re8+ Kf7 41. Rb8 Kf6 42. Rf8+ Ke7 43. Rb8 Kd6 44. Kf2 Kc7 45. Rg8 Be4 46. Rg7+ Kd6 47. Ke3 c5 48. dxc5+ Bxc5+ 49. Kf4 b5 50. Bg2 Rb2 51. Bh3 Rf2 52. Rd7+ Kc6 53. Rg7 Rxf3+ 54. Kg5 Be3+ 55. Kh4 b4 56. Bd7+ Kd6 57. Ba4 Rf2 58. Rd7+ Ke6 59. h3 Bf5 60. g4 hxg4 61. hxg4 Rf4 62. Rb7 0-1

[Event "Bad Sooden-Allendorf Seniors op 15th"]
[Site "Bad Sooden-Allendorf"]
[Date "2003.05.05"]
[Round "7"]
[White "Pannenbaecker, Hermann Josef"]
[Black "Kirschner, Gerhard"]
[Result "1-0"]
[WhiteElo "1601"]
[BlackElo "1470"]
[PlyCount "55"]
[EventDate "2003.05.??"]
[EventType "swiss"]
[EventRounds "9"]
[EventCountry "GER"]
[SourceTitle "EXT 2006"]
[Source "ChessBase"]
[SourceDate "2005.11.24"]
[SourceVersion "1"]
[SourceVersionDate "2005.11.24"]
[SourceQuality "1"]

1. e4 c5 2. Nf3 e6 3. d4 cxd4 4. Nxd4 a6 5. Be3 Bc5 6. Qd2 Qc7 7. Nc3 Nc6 8. Nxe6 dxe6 9. Bxc5 Nge7 10. 0-0-0 0-0 11. f4 Rd8 12. Bd3 b6 13. Be3 Bb7 14. Qf2 Rd7 15. Bxb6 Qc8 16. a3 e5 17. f5 Nd4 18. Kb1 Nec6 19. Nd5 h6 20. Bxd4 exd4 21. Nb6 Qe8 22. Nxd7 Qxd7 23. Bc4 Qe7 24. Bd5 Rd8 25. Rhe1 Ba8 26. Bxc6 Bxc6 27. Rxd4 Re8 28. Qf4 1-0

[Event "Bad Sooden-Allendorf Seniors op 15th"]
[Site "Bad Sooden-Allendorf"]
[Date "2003.05.02"]
[Round "5"]
[White "Pannenbaecker, Hermann Josef"]
[Black "Schewe, Hans"]
[Result "0-1"]
[WhiteElo "1601"]
[BlackElo "1717"]
[PlyCount "98"]
[EventDate "2003.05.??"]
[EventType "swiss"]
[EventRounds "9"]
[EventCountry "GER"]
[SourceTitle "EXT 2006"]
[Source "ChessBase"]
[SourceDate "2005.11.24"]
[SourceVersion "1"]
[SourceVersionDate "2005.11.24"]
[SourceQuality "1"]

1. e4 c5 2. Nf3 d6 3. d4 cxd4 4. Nxd4 Nf6 5. Nc3 g6 6. Be2 Bg7 7. Be3 a6 8. Qd2 h5 9. f3 Nbd7 10. h3 h4 11. 0-0 Nh5 12. f4 Ng3 13. Rf2 Nc5 14. Bd3 e6 15. Rb1 b5 16. Nde2 b4 17. Nd1 Ncxe4 18. Qxb4 Nxf2 19. Nxf2 Nxe2+ 20. Bxe2 0-0 21. Rd1 d5 22. c4 Qd7 23. cxd5 exd5 24. Bf3 Qb7 25. Qd2 Be6 26. Bd4 Rab8 27. Bxg7 Kxg7 28. Qd4+ Kg8 29. Bxd5 Qxd5 30. Qxd5 Bxd5 31. Rxd5 Rxb2 32. Ra5 Re8 33. Nd3 Rb6 34. Kf2 Kg7 35. Kf3 Ra8 36. Kg4 Rb5 37. Ra4 a5 38. Kxh4 Rc8 39. g4 Rc3 40. Rd4 Rb7 41. g5 a4 42. Ne5 a3 43. Ng4 Rc8 44. Ra4 Rbc7 45. Rxa3 Rc3 46. Ra6 Rf3 47. Rf6 Rh8+ 48. Nh6 Rxh6+ 49. gxh6+ Kxf6 0-1

[Event "Bad Sooden-Allendorf Seniors op 14th"]
[Site "Bad Sooden-Allendorf"]
[Date "2002.04.30"]
[Round "9"]
[White "Pannenbaecker, Hermann Josef"]
[Black "Kruse, Martin1111"]
[Result "1/2-1/2"]
[WhiteElo "1695"]
[BlackElo "1450"]
[PlyCount "36"]
[EventDate "2002.04.??"]
[EventType "swiss"]
[EventRounds "9"]
[EventCountry "GER"]
[SourceTitle "EXT 2006"]
[Source "ChessBase"]
[SourceDate "2005.11.24"]
[SourceVersion "1"]
[SourceVersionDate "2005.11.24"]
[SourceQuality "1"]

1. e4 c5 2. Nf3 Nc6 3. d4 cxd4 4. Nxd4 e6 5. Be3 Nf6 6. f3 d6 7. Nc3 Be7 8. Be2 0-0 9. 0-0 e5 10. Nf5 Bxf5 11. exf5 d5 12. Bg5 d4 13. Bxf6 dxc3 14. Qxd8 Raxd8 15. Bxe7 Nxe7 16. bxc3 b6 17. Bd3 Nd5 18. Kf2 Nxc3 1/2-1/2